| 000 | 00618nam a22002057a 4500 | ||
|---|---|---|---|
| 005 | 20231009023533.0 | ||
| 008 | 231009b |||||||| |||| 00| 0 eng d | ||
| 020 | _a978-621-8070-40-0 | ||
| 082 | _aFil. 647.95 J56 2019 | ||
| 100 |
_aJerusalem, Leo Benjamin _eauthor |
||
| 245 |
_aIntroduction to food and beverages services / _cLeo Benjamin Jerusalem |
||
| 250 | _a1st ed. | ||
| 260 |
_aManila: _bFastbooks Educational Supply, _cc2019 |
||
| 300 |
_axvi, 240p.: _bill. |
||
| 504 | _aIncludes bibliographical references | ||
| 541 | _e7398 | ||
| 650 | _aFood service | ||
| 650 | _aBeverages | ||
| 650 | _aFood industry | ||
| 999 |
_c2276 _d2276 |
||